| 000 | 00616nam a22002537a 4500 | ||
|---|---|---|---|
| 003 | UA-OsUOA | ||
| 001 | 21780 | ||
| 007 | ta | ||
| 008 | 20031213b un ||||| |||| 00| 0 ukr d | ||
| 100 | _aБелозеров Сергей | ||
| 090 |
_a004.4 _bБ43 |
||
| 942 | _cBK | ||
| 040 |
_aUA-OsUOA _brus _cUA-OsUOA _dUA-OsUOA |
||
| 245 |
_a220 прикладных программ _cСергей Белозеров |
||
| 300 | _a352 с. | ||
| 955 | _a0 | ||
| 041 | _arus | ||
| 080 | _a004.4 | ||
| 020 | _a5-87484-062-1 | ||
| 260 |
_aМосква _bABF _c1997 |
||
| 044 | _aRU | ||
| 650 | 7 | _2UDC | |
| 999 |
_c307987 _d307987 |
||